000 00443nam a22001457a 4500
005 20250303175328.0
008 250303b |||||||| |||| 00| 0 eng d
020 _a9780853647638
050 _aBV 639 STP
_b1
100 _aSRANGE,W.A
245 _aChildren in the early church:
_bchildren in the ancient world the new testament and early church
260 _aGreatv Britian
_bPaternoster Press
_c1996p
300 _aix,123p
942 _2lcc
_cBK
_n0
999 _c4497
_d4497